000
00310nam a22001217a 4500
008
230621b xxu||||| |||| 00| 0 eng d
020
_a
0662575857
082
_a
328.30
_b
HOC 1990
245
_a
Privilege in the Modern Context
260
_b
Clerk of the House of Commons
_c
1990
300
_a
28p
942
_2
ddc
_c
BK
999
_c
2191
_d
2191